000 00621nam a2200205Ia 4500
003 GCL
008 140319s9999 xx 000 0 ara d
040 _aGCL /
_cGCL
082 0 4 _a943.08
_bاا
100 1 _aادمون فرمى
245 1 0 _aاقطاب وقادة الثورة الالمانية الكبرى /
_cادمون فرمى
700 1 _aخيرت فخرى
260 _a[S.N] :
_bدار اليقظه العربيه للتاليف والترجمه والنشر
300 _a340 ص
490 _a
650 0 4 _aالمانيا
650 0 4 _aالثورات
650 0 4 _aالتاريخ
942 _2ddc
_cBK
999 _c30275
_d30275